Score 0/10 Timer 02:00
6 Plays Today
Country % Correct
Peru
85.4%
Poland
81.4%
Portugal
78.4%
Panama
77.9%
Paraguay
76.6%
Pakistan
74.1%
Philippines
65.8%
Palau
65.3%
Papua New Guinea
60%
Palestine
46.4%
Remove Ads.
Support Sporcle.
Get the best of Sporcle when you Go Orange. This ad-free experience offers more features, more stats, and more fun while also helping to support Sporcle. Thank you for becoming a member.

You're not logged in!

Compare scores with friends on all Sporcle quizzes.
OR
Log In

Show Comments

Extras

Top Quizzes Today


Score Distribution

Your Account Isn't Verified!

In order to create a playlist on Sporcle, you need to verify the email address you used during registration. Go to your Sporcle Settings to finish the process.

Report this User

Report this user for behavior that violates our Community Guidelines.

Details: